00323nam a2200121Ia 4500008004100000082001800041100001400059245004400073250000900117260004500126300001400171650001600185191201s2004 xx 000 0 und d a621.3192bSOC aSONI, M L 2aA Course in Electrical Circuit Analysis a20th aNew DelhibDhanpat Rai Pub (P) Ltdc2004 a1.1-26.25 aB.Tech(ECE)